Central Library OPAC University of Rajshahi

A philosophy for our time / (Record no. 63268)

MARC details
000 -LEADER
fixed length control field 00660nam a2200205 a 4500
001 - CONTROL NUMBER
control field 63268
003 - CONTROL NUMBER IDENTIFIER
rucl marc code BD-RjUL
005 - DATE AND TIME OF LATEST TRANSACTION
control field 20211209081157.0
008 - FIXED-LENGTH DATA ELEMENTS--GENERAL INFORMATION
fixed length control field 170129s1954 nyua 000 0 eng
035 ## - SYSTEM CONTROL NUMBER
System control number (BD-RjUL)63397
040 ## - CATALOGING SOURCE
Original cataloging agency DLC
Transcribing agency ODaWU
Modifying agency BD-RjUL
Language of cataloging eng
041 ## - LANGUAGE CODE
Language code of text/sound track or separate title eng
082 ## - DEWEY DECIMAL CLASSIFICATION NUMBER
Classification number 901
Edition number 23
Author mark and year BAP 1954
100 1# - MAIN ENTRY--PERSONAL NAME
Personal name Baruch, Bernard M.
Fuller form of name (Bernard Mannes),
Dates associated with a name 1870-1965.
9 (RLIN) 188303
245 12 - TITLE STATEMENT
Title A philosophy for our time /
Statement of responsibility, etc. With an introd. by Buell G. Gallagher and a foreword by Thomas L. Norton.
260 ## - PUBLICATION, DISTRIBUTION, ETC. (IMPRINT)
Place of publication, distribution, etc. New York :
Name of publisher, distributor, etc. Simon and Schuster,
Date of publication, distribution, etc. 1954 ?
300 ## - PHYSICAL DESCRIPTION
Pagination 49 p. :
Illustrations ill. ;
Size 21 cm.
650 #0 - SUBJECT ADDED ENTRY--TOPICAL TERM
Topical term or geographic name as entry element Civilization, Modern.
9 (RLIN) 170288
942 ## - ADDED ENTRY ELEMENTS (KOHA)
Source of classification or shelving scheme Dewey Decimal Classification
Koha item type Books
Holdings
Lost status Source of classification or shelving scheme Damaged status Not for loan Collection code Permanent Location Current Location Shelving location Date acquired Source of acquisition Total Checkouts Full call number Date last seen Copy number Koha item type
  Dewey Decimal Classification   Not For Loan Non-fiction Central Library, University of Rajshahi Central Library, University of Rajshahi Reading Room 04/02/1958 USIS   901 BAP 1954 29/01/2017 C-2 Books